Capitales d'Amerique - Statistiques

Statistiques générales
  • Ce quiz a été pris 9 090 fois
    9 038 depuis la dernière actualisation
  • Le résultat moyen est 23 sur 35
Statistiques - réponses
Pays Capitale % Correct
Mexique Mexico
98%
Etats-Unis Washington
98%
Canada Ottawa
95%
Brésil Brasilia
91%
Argentine Buenos Aires
87%
Panama Panama
84%
Perou Lima
83%
Colombie Bogota
80%
Guatemala Guatemala
80%
Bolivie Sucre et La Paz
78%
Chili Santiago et Valparaíso
77%
Uruguay Montevideo
76%
Cuba La Havane
75%
Equateur Quito
74%
Salvador San Salvador
74%
Venezuela Caracas
73%
Costa Rica San José
66%
Jamaïque Kingston
65%
Haïti Port-au-Prince
65%
Paraguay Asuncion
61%
Guyana Georgetown
59%
Nicaragua Managua
59%
Republique Dominicaine Saint-Domingue
59%
Honduras Tegucigalpa
55%
Belize Belmopan
54%
Suriname Paramaribo
51%
Bahamas Nassau
50%
Saint-Vincent-et-les-Grenadines Kingstown
45%
Trinité-et-Tobago Port-d'Espagne
45%
Dominique Roseau
39%
Saint-Christophe-et-Niévès Basseterre
38%
Sainte-Lucie Castries
37%
Antigua-et-Barbuda Saint John's
37%
Barbade Bridgetown
36%
Grenade Saint-Georges
35%
Aucun quiz correspondant
Distribution des résultats
% des personnes avec chaque résultat
Percentile par nombre de réponses
Votre historique - résultats
Vous n’avez pas pris ce quiz depuis la dernière actualisation